Papers on general topology and applications : ninth summer conference at Slippery Rock University

Αποθηκεύτηκε σε:
Λεπτομέρειες βιβλιογραφικής εγγραφής
Συγγραφή απο Οργανισμό/Αρχή: Summer Conference on General Topology and Applications
Άλλοι συγγραφείς: Andima, Susan, 1943- (edtf)
Μορφή: Πρακτικό Συνεδρίου Βιβλίο
Γλώσσα:English
Δημοσίευση: New York : New York Academy of Sciences, 1995.
Σειρά:Annals of the New York Academy of Sciences ; 767
Θέματα:
Ετικέτες: Προσθήκη ετικέτας
Δεν υπάρχουν, Καταχωρήστε ετικέτα πρώτοι!

MARC

LEADER 00000cam a2200000 a 4500
001 1/112560
008 161214s1995####nyu| ||| |||| ||eng||
020 |a 0897669533  
040 |a GR-MyUa  |b gre  |c GR-MyUa  |e AACR2 
041 0 |a eng 
082 7 |a 514.322   |2 (23)  
245 1 0 |a Papers on general topology and applications :   |b ninth summer conference at Slippery Rock University /   |c edited by Susan Andima ... [κ. ά.].  
260 |a New York :   |b New York Academy of Sciences,   |c 1995. 
300 |a x, 244 σ. ;   |c 24 εκ.  
490 1 |a (Annals of the New York Academy of Sciences ;   |v 767)  
500 |a Papers presented at the Ninth Summer Conference on General Topology and Applications, held June 24-26, 1993, at Slippery Rock University. 
504 |a Περιέχει βιβλιογραφικές αναφορές και ευρετήρια.  
650 0 |a Topology  |x Congresses. 
700 1 |a Andima, Susan,   |d 1943-  |e edtf 
711 2 |a Summer Conference on General Topology and Applications  |n (9th :   |d 1993 :   |c Slippery Rock University) 
830 0 |a Annals of the New York Academy of Sciences ;  |v  767 
852 |a INST  |b SAMOS  |e 20161214  |h 514.322 PAP  |p 005300044052  |q 005300044052  |t BK  |y 0 
970 |a Κοσιέρης  |b Χρήστος  |z 14-12-2016